000 00544nam a2200193Ia 4500
003 GCL
008 140319s9999 xx 000 0 ara d
040 _aGCL /
_cGCL
082 0 4 _a658.4
_bا م
245 1 0 _aمجلس بحوث العلوم الادارية: المؤتمر الاول
300 _a78 ص
490 _a
650 0 4 _aالادارة
650 0 4 _aادارة الانتاج
650 0 4 _aادارة الافراد
650 0 4 _aالبحوث الادارية
650 0 4 _aالتنمية الادارية
942 _2ddc
_cBK
999 _c38022
_d38022